MESTSKÁ KNIŽNICA GIRALTOVCE  - online katalóg 

Psychiatrie dÍ?ých vekú (Record no. 22466)

000 -NÁVESTIE
fixed length control field 00408nam a2200169 4500
008 - ÚDAJE S PEVNOU DĹŽKOU – VŠEOBECNÉ INFORMÁCIE
fixed length control field 190529s1996||||CZ d
020 ## - MEDZINÁRODNÉ ŠTANDARDNÉ ČÍSLO KNIHY (ISBN)
Medzinárodné štandardné číslo knihy (ISBN) 8071842265
Údaje o dostupnosti 0
041 1# - KÓD JAZYKA
Kód jazyka textu/zvukovej stopy alebo samostatných nápisov cze
044 ## - KÓD KRAJINY VYDAVATEĽA/PRODUCENTA
Kód krajiny MARC CZ
100 1# - OSOBNÉ MENÁ – VŠEOBECNÉ INFORMÁCIE
Osobné meno Vencovský Eugen
-- 1162
245 10 - NÁZOV
Názov Psychiatrie dÍ?ých vekú
260 ## - VYDAVATEĽSKÉ ÚDAJE, DISTRIBÚCIA ATĎ.
Názov vydavateľa, distibútora atď. Karolinum
Dátum publikovania, distribúcie atď. 1996
Miesto publikovania, distribúcie atď. Praha
250 ## - ÚDAJ O PORADÍ VYDANIA
Údaj o poradí vydania 1. vydanie
300 ## - FYZICKÝ POPIS
Rozsah 222 s.
490 ## - EDÍCIA
Edícia oTVOR SA , ROZPRáVKA
958 ## - Formálny deskriptor
Formálny deskriptor A
Holdings
Stav stiahnutia (Blokovanie) (Withrawn status) Stav straty Stav poškodenia (Damaged status) Nie pre výpožičky (Not for loan) Spôsob nadobudnutia (Collection code) Trvalé umiestnenie Aktuálne umiestnenie Dátum nadobudnutia Inventárne číslo (prírastkové číslo) Full call number Dátum posledného výskytu Cena s účinnosťou od Typ jednotky Koha
        Dar Mestská knižnica Giraltovce Mestská knižnica Giraltovce 2019-05-10 20801 S1434 2019-12-12 2019-12-12 Odborná literatúra pre dospelých

Powered by Koha